| 000 | 00921nam a22003017a 4500 | ||
|---|---|---|---|
| 003 | CHAP | ||
| 005 | 20220329135515.0 | ||
| 008 | 971013s1980 r 00010 d | ||
| 010 | _a37739 | ||
| 011 | _a38711 | ||
| 035 | _a42831 | ||
| 040 | _cCHAP | ||
| 090 | _aFolleto 10287 | ||
| 100 | 0 | 0 |
_aMien Chun, Liao. _975578 |
| 245 | _aSlopeland forms in green | ||
| 260 |
_a(Taipei, Taiwan) : _bChinese Soil and Water Conservation Society, _c(1980?) |
||
| 300 |
_a19 p. _b: ilus |
||
| 590 |
_aBATCH-UPD _b10 _c20130110 _lUCH01 _h1039 |
||
| 590 |
_aBATCH-UPD _b10 _c20130410 _lUCH01 _h0639 |
||
| 590 |
_aBATCH-UPD _b10 _c20130914 _lUCH01 _h0011 |
||
| 590 |
_aCONVERSION _b10 _c20130109 _lUCH01 _h1321 |
||
| 650 | 1 | 4 |
_aAgricultura de laderas. _91996 |
| 650 | 1 | 4 |
_aSuelos _xConservación. _9110283 |
| 700 | 0 |
_aHuei-Long Wu. _956639 |
|
| 901 | _aBK | ||
| 942 | _cFOLL | ||
| 949 |
_aFolleto 10287 _bBC _cFOLL _d-98463 _eTS1 _i42831 _mD _si |
||
| 999 |
_c37739 _d37739 |
||